00625nam a2200181 a 4500008004100000020002500041245008300066260007900149300002900228504004100257650003600298650005200334700001600386700001400402003000100416005001700417040000900434  a9780620618625 (pbk.)10aHuman security deficit in Southern Africa /c editors T. Kondo and T. Makanza. aHarare :bAlternatives to neo-liberalism in Southern Africa (ANSA),c2014. a256 p. :bill. ;c21 cm. aIncludes bibliographical references. aHuman security- Southern Africa aPolitical freedom and security- Southern Africa aMakanza, T. aKondo, T.20230123122108.0 cNUST